00933cam a2200289 i 4500001000700000003000800007005001700015008004100032010001700073020002600090040002700116043002100143050002400164082001600188100001600204245005500220260003800275300002700313500008400340500002000424504003200444650004800476651004500524906004500569942001200614999001700626357107BD-DhUL20160529144422.0770127s1976 ii b 001 0 eng  a 76902888  cRs65.00 ($13.00 U.S.) aDLCcDLCdDLCdBD-DhUL aa-ii---aa-bg---00aDS485.B49bS46 197600a954.14bSEM1 aSen, Shila.10aMuslim politics in Bengal, 1937-1947 /cShila Sen. aNew Delhi :bImpex India,c 1976. aviii, 310 p. ;c22 cm. aOriginally presented as the author's thesis, Jawaharlal Nehru University, 1975. aIncludes index. aBibliography: p. [289]-297. 0aMuslimsxPolitical activityzIndiazBengal. 0aBengal (India)xPolitics and government. a7bcbccorignewd4encipf19gy-gencatlg 2ddccBK c71312d71312